| 000 | 00646 a2200193 4500 | ||
|---|---|---|---|
| 020 | _a0387291997 | ||
| 020 | _a9780387291994 | ||
| 082 | _a530.12 | ||
| 090 |
_c1341 _d1341 |
||
| 100 | 1 | _aSaller, Heinrich. | |
| 245 | 1 | 0 |
_aOperational quantum theory I : _bnonrelativistic structures / _cHeinrich Saller. |
| 260 |
_a[S.l.] : _bSpringer, _c2006. |
||
| 300 |
_a422 p. ; _c26 cm. |
||
| 490 | 1 | _aOperational physics. | |
| 700 | _aSaller, Heinrich. | ||
| 830 | 0 | _aOperational physics. | |
| 942 |
_aSNS _cBK _k530.12 SAL |
||
| 999 |
_c29954 _d29954 |
||